| 000 | 01007nam a2200289Ia 4500 | ||
|---|---|---|---|
| 001 | Z_5686 | ||
| 003 | CHAP | ||
| 008 | 220113s2007 xx 000 0 und d | ||
| 010 | _a168788 | ||
| 020 | _a978-84-204-7183-9 | ||
| 040 | _cCHAP | ||
| 082 | _a863 G37 C54 | ||
| 100 |
_aGarcía Márquez, Gabriel, 1927 - 2014 _9143069 |
||
| 245 |
_aCien años de soledad / _cGabriel García Márquez |
||
| 260 |
_aEspaña : _bAsociación de Academias de la Lengua Española; Alfaguara, _c2007 |
||
| 300 | _acxxxviii, 606 p. | ||
| 500 | _aEn la cubierta: Edición conmemorativa Real Academia Española. Asociación de Academias de la Lengua Española \ "Texto revisado por el autor para esta edición" \ La biblioteca cuenta tambien con la impresión de 2008 | ||
| 503 | _aej.1: C/E \ ej.2. C/E | ||
| 504 | _aBibliografía: p. 547 - 550, incluye índice | ||
| 650 |
_aNovela colombiana _982016 |
||
| 901 | _a863 G37 C54 | ||
| 902 | _aM | ||
| 910 | _a2007 | ||
| 942 | _c1 | ||
| 942 | _cc1 | ||
| 999 |
_c168788 _d168788 |
||